Nghiên cứu ảnh hưởng các thông số gia công đến độ nhám bề mặt và độ chính xác hình học trên máy Wedm với vật liệu thép không gỉ

Chuyên ngành: Công nghệ chế tạo máy; TM tài liệu tham khảo 1 trang sau phần kết luận; Luận văn Thạc sĩ trường Đại học Sư phạm kỹ thuật thành phố Hồ Chí Minh, 2012; Trình bày các kết quả nghiên cứu từ tiến hành thực nghiệm bằng phương phá...

Ful tanımlama

Kaydedildi:
Detaylı Bibliyografya
Yazar: Lê, Minh Quang
Diğer Yazarlar: Lê Văn Sỹ
Materyal Türü: Kitap
Dil:Undetermined
Baskı/Yayın Bilgisi: Tp. Hồ Chí Minh 2012
Konular:
Online Erişim:http://lrc.tdmu.edu.vn/opac/search/detail.asp?aID=2&ID=19006
Etiketler: Etiketle
Etiket eklenmemiş, İlk siz ekleyin!
Thư viện lưu trữ: Trung tâm Học liệu Trường Đại học Thủ Dầu Một
LEADER 01802nam a2200205Ia 4500
001 TDMU_19006
008 210410s9999 xx 000 0 und d
082 |a 672 
090 |b L250 
100 |a Lê, Minh Quang 
245 0 |a Nghiên cứu ảnh hưởng các thông số gia công đến độ nhám bề mặt và độ chính xác hình học trên máy Wedm với vật liệu thép không gỉ 
245 0 |c Lê Minh Quang; TS. Lê Văn Sỹ , Nguyễn Thanh Nam (Hướng dẫn) 
260 |a Tp. Hồ Chí Minh 
260 |c 2012 
300 |a 65tr 
520 |a Chuyên ngành: Công nghệ chế tạo máy; TM tài liệu tham khảo 1 trang sau phần kết luận; Luận văn Thạc sĩ trường Đại học Sư phạm kỹ thuật thành phố Hồ Chí Minh, 2012; Trình bày các kết quả nghiên cứu từ tiến hành thực nghiệm bằng phương pháp thực nghiệm cấp hai cấu trúc có tâm, thiết lập phương trình quy hoạch thực nghiệm, kiểm định ý nghĩa của các hệ số hồi qui theo tiêu chuẩn student, kiểm định sự tương thích của phương trình hồi qui theo tiêu chuẩn fisher, đồ thị của từng cặp các thông số công nghệ tác động đến độ nhám bề mặt và sai số hình học chi tiết gia công. 
650 |a Luận văn; Gia công kim loại  |x Vật liệu thép không gỉ; Quá trình Itô - Lévy 
700 |a Lê Văn Sỹ 
856 |u http://lrc.tdmu.edu.vn/opac/search/detail.asp?aID=2&ID=19006 
980 |a Trung tâm Học liệu Trường Đại học Thủ Dầu Một